Le nouveau math élem.: cycle des apprentissages fondamentaux, CE1

Na minha lista:
Detalhes bibliográficos
Principais autores: Stoecklé, Denis (Autor), Champeyrache, Gérard (Autor)
Formato: Livro
Idioma:francês
Publicado em: París Belin 2000
Assuntos:
Tags: Adicionar Tag
Sem tags, seja o primeiro a adicionar uma tag!

MARC

LEADER 00000nam a2200000 a 4500
001 UCL1844
003 CL-VaPUC
008 030926e20000000FR |||||||||||||||||fre|d
020 |a 2701126924 
082 0 4 |a 372.7  |b STO  |2 21 
100 0 |a Stoecklé, Denis  |e author  |9 478700 
700 0 |a Champeyrache, Gérard  |e author  |9 478701 
245 1 3 |a Le nouveau math élem.: cycle des apprentissages fondamentaux, CE1 
300 |a 143 p 
942 |c BK 
945 |d 20030926 00:00:00  |a cmena 
260 |a París  |b Belin  |c 2000 
650 0 |a Matemáticas  |x Enseñanza  |9 875527 
650 0 |a Métodos de enseñanza  |9 270413 
650 0 |a Educación básica   |9 224933 
650 0 |a Libros de texto  |9 270019 
583 |a last modification  |c 20030926 00:00:00  |k Rodrigo Vera 
999 |c 305284  |d 305282 
952 |0 0  |1 0  |4 0  |6 372_700000000000000_STO_2000  |7 0  |8 A  |9 368420  |a BIBMAT  |b BIBMAT  |c E_DIDACT  |d 2019-11-21  |i 3940357  |o 372.7 STO 2000  |p 3940357  |r 2025-01-07  |w 2019-11-21  |y BK  |k MAT